Contabilidad de costos : (Registro nro. 20369)
[ vista simple ]
| 000 -CABECERA | |
|---|---|
| campo de control de longitud fija | 00810cam a2200241 a 4500 |
| 001 - NÚMERO DE CONTROL | |
| campo de control | 000020866 |
| 005 - FECHA Y HORA DE LA ÚLTIMA TRANSACCIÓN | |
| campo de control | 20250523121133.0 |
| 008 - DATOS DE LONGITUD FIJA--INFORMACIÓN GENERAL | |
| campo de control de longitud fija | 100819s1978 sp d r 000 0 spa d |
| 020 ## - NÚMERO INTERNACIONAL ESTÁNDAR DEL LIBRO | |
| Número Internacional Estándar del Libro | 8427410123 |
| 020 ## - NÚMERO INTERNACIONAL ESTÁNDAR DEL LIBRO | |
| Número Internacional Estándar del Libro | 8427410131 |
| 040 ## - FUENTE DE LA CATALOGACIÓN | |
| Centro catalogador/agencia de origen | DO-SdBNP |
| Lengua de catalogación | spa |
| Centro/agencia transcriptor | BNPHU |
| 082 ## - NÚMERO DE LA CLASIFICACIÓN DECIMAL DEWEY | |
| Número de clasificación | 657.42 |
| Número de documento/Ítem | L419c, 1978 |
| 049 ## - FONDOS LOCALES (OCLC) | |
| Fondos de biblioteca | BNGR |
| 100 1# - ENTRADA PRINCIPAL--NOMBRE DE PERSONA | |
| Nombre de persona | Lawrence, W. B. |
| 9 (RLIN) | 43738 |
| 245 10 - MENCIÓN DE TÍTULO | |
| Título | Contabilidad de costos : |
| Resto del título | teoría y enunciados de problemas y ejercicios / |
| Mención de responsabilidad, etc. | W.B. Lawrence; edición revisada John W. Ruswinckel; traducción Francisco Contro Malo. |
| 246 1# - FORMA VARIANTE DE TÍTULO | |
| Título propio/Titulo breve | Cost accoutin |
| 250 ## - MENCIÓN DE EDICIÓN | |
| Mención de edición | 2a ed. |
| 260 ## - PUBLICACIÓN, DISTRIBUCIÓN, ETC. | |
| Lugar de publicación, distribución, etc. | México : |
| Nombre del editor, distribuidor, etc. | Uteha, |
| Fecha de publicación, distribución, etc. | 1978. |
| 300 ## - DESCRIPCIÓN FÍSICA | |
| Extensión | 692 p. : |
| Otras características físicas | tablas ; |
| Dimensiones | 23 cm. |
| 650 #0 - PUNTO DE ACCESO ADICIONAL DE MATERIA--TÉRMINO DE MATERIA | |
| Término de materia o nombre geográfico como elemento de entrada | Contabilidad de costos |
| 9 (RLIN) | 43739 |
| 700 1# - PUNTO DE ACCESO ADICIONAL--NOMBRE DE PERSONA | |
| Nombre de persona | Ruswinckel, John W. |
| Término indicativo de función/relación | ed. |
| 9 (RLIN) | 43740 |
| 700 1# - PUNTO DE ACCESO ADICIONAL--NOMBRE DE PERSONA | |
| Nombre de persona | Contro Malo, Francisco. |
| Término indicativo de función/relación | tr. |
| 9 (RLIN) | 43741 |
| Estado de retiro | Estado de pérdida | Restricciones de uso | No para préstamo | Código de colección | Localización permanente | Ubicación/localización actual | Ubicación en estantería | Fecha de adquisición | Número de inventario | Total de préstamos | Signatura topográfica completa | Código de barras | Fecha visto por última vez | Precio válido a partir de | Tipo de ítem Koha |
|---|---|---|---|---|---|---|---|---|---|---|---|---|---|---|---|
| Monografías: Libros y Folletos | General | General | En catalogación | 19.08.2010 | LF1 | 657.42 L419c, 1978 | 20866-10 | 25.06.2020 | 25.06.2020 | Préstamo en sala |
